000 00313nam a22001457a 4500
003 SGT
020 _a978-81-8104-112-7
082 _a646.7
_bMUK
100 _aMUKHERJEE, PRASANTH
245 _aTB.OF FOOD COMMODITIES
250 _a1ST
260 _aDELHI
_bAMAN PUB.
_c2019
300 _a266
942 _2ddc
_cBK
999 _c21065
_d21065